| 000 | 00612cam a2200229 a 4500 | ||
|---|---|---|---|
| 001 | 2879069 | ||
| 005 | 20180228091258.0 | ||
| 008 | 860804s1987 nyua b 001 0 eng c | ||
| 010 | _a 86020357 | ||
| 020 |
_a0387964525 : _c$91.90 (est.) |
||
| 040 |
_aDNLM/DLC _cDLC _dDLC |
||
| 041 | _aeng | ||
| 060 | _aWP 100 P297 | ||
| 080 | _a618.107 ROB | ||
| 082 | 0 | 0 |
_a618.107 ROB _219 |
| 100 | _a9 | ||
| 101 | _aPAT | ||
| 245 | 1 | 0 | _aBlaustein's pathology of the female genital tract. |
| 504 | _aIncludes bibliographies and index. | ||
| 906 |
_a7 _bcbc _corignew _d1 _eocip _f19 _gy-gencatlg |
||
| 942 |
_2ddc _cBK |
||
| 999 |
_c43731 _d43731 |
||